000 00600nam a2200193Ia 4500
005 20250508155832.0
008 008 250505s9999 xx 000 0 eng d
037 _aDissertations
040 _aFEDL
_beng
_cFEDL
041 _aeng
_2eng
084 _a155.4, SOO/DI
_qFEDL
100 _aSood Sudershan
_9767604
245 0 _aStudy of proteus maze test with a view to finding out norms for indian children of 10,11,12
260 _c1954
300 _aiii,57p.
546 _aM.Ed. Dissertations 1954 (Delhi University)
942 _cDIS
_h155.4, SOO/DI
999 _c1359522
_d1359522